=LDR 00000nam 2200000 4500 =001 $a INLIS000000000008382 =005 $a 20260604093828 =008 $a 260604###########################0#ind## =022 ##$$a 978-602-9402-29-2 =035 ##$$a 0010-0626000009 =082 ##$$a 331.09598 =084 ##$$a 331.09598 ING p =100 #$$a Ingleson John =245 ##$$a Perkotaan Masalah Sosial dan Perburuan di Jawa Masa Kolonial $b - $c Ingleson John =247 ##$$a =260 ##$$a Jakarta $b Komunitas Bambu $c 2013 =300 ##$$a xv, 424 halaman $b ilus $c 24 cm $e =310 ##$$a =321 ##$$a =520 #$$a =650 #$$a Buruh dan Perburuan =700 #$$a =856 ##$$a Perpustakaan kemendukbangga =Wor $a 1